| 000 | 00437nam a2200157 a 4500 | ||
|---|---|---|---|
| 005 | 20140412111221.0 | ||
| 008 | 010330s19uu xx 00 eng d | ||
| 020 | _a0-7097-0832-7 | ||
| 050 |
_aER _bNu93 1992 |
||
| 245 |
_aNursery rhymes. / _cillustrated by Pamela Storey. |
||
| 260 |
_aEngland : _bBrown Watson, _c1992. |
||
| 300 | _a1 v. (unp.) ; ill. | ||
| 440 | _aMy Wee Willie Winkie Book of | ||
| 650 | _aRhymes | ||
| 999 |
_c101928 _d101928 |
||